Modern Furniture. Meubles modernes. Moderne Möbel : 150 Years of Design

Na minha lista:
Detalhes bibliográficos
Formato: Livro
Idioma:inglês
francês
alemão
Publicado em: Tandem, 2009
Assuntos:
Tags: Adicionar Tag
Sem tags, seja o primeiro a adicionar uma tag!

MARC

LEADER 00000nam a22000003a 4500
001 stu196519
005 20141123043826.6
008 091202s2009------------------------eng-d
020 |a 978-3-8331-5049-4 
040 |a STU  |b slo 
041 0 |a eng  |a fre  |a ger 
245 |a Modern Furniture. Meubles modernes. Moderne Möbel :  |b 150 Years of Design 
260 |b Tandem,  |c 2009 
300 |a 703 s 
650 7 |a dizajn nábytkový  |2 stusub 
996 |b 284AU04389  |c A*6840  |l AA5150  |s P  |a 0  |w stu196519_0001